Responses for show #837 - Tuesday, April 5, 1988

Contestants

[<< previous game]

Marianne Durgavich, a nurse from Watertown, Massachusetts

Greg Sullivan, an accountant from Yonkers, New York

Bob Sutton, an environmental chemist from Gainesville, Florida (whose 1-day cash winnings total $8,650)

[next game >>]

Jeopardy! Round responses

WASHINGTON STATE
SHEEP
4-LETTER WORDS
SPORTS
GAUGES
CASABLANCA
(Alex: in reference to the film.)
    $100 24
the apple

Greg
    $100 28
(Greg: What is a ram?)

a goat

GregMarianne
    $100 16
a lawn

Marianne
    $100 8
(Greg: What is golf season?)

the spring

BobGreg
    $100 17
(Greg: What is a...oil sick..a [*]?)

dipstick

Greg
    $100 1
Sam (played by Dooley Wilson)

Greg
    $200 23
the (1962) World's Fair

Bob
    $200 13
sheep dogs

Triple Stumper
    $200 22
a swab

Greg
    $200 9
the Montreal Canadiens

Greg
    $200 18
calibration

Bob
    $200 3
love & glory

Greg
    $300 12
the town

Greg
    $500 26
(1 of) australia or the Soviet Union

Greg
    $300 11
bore

Greg
    $300 10
Chris Evert Lloyd

Greg
    $300 19
90 (degrees)

Bob
    $300 5
chess

Greg
    $400 25
(Alex: Yes, the Manhattan Project, we've got less than a minute to go.)

the atomic bomb

Greg
    $400 29
(Greg: Who is Magellan?)
....
[end-of-round signal sounds]

Marco Polo

Greg
Triple Stumper
    $400 14
to ogle

Bob
    $400 6
(Greg: What is above his waist?)

his feet

Greg
Triple Stumper
    $400 20
an altimeter

Bob
    $400 7
"La Marseillaise"

Bob
    $500 27
Olympic National Park

Triple Stumper
    $500 15
crop

Triple Stumper
    $500 4
David Winfield

Bob
    $500 21
pounds per square inch

Bob
    $500 2
Lisbon

Bob

Scores at the first commercial break (after clue 15):

Bob Greg Marianne
$1,900 $1,200 $0

Scores at the end of the Jeopardy! Round:

Bob Greg Marianne
$3,500 $2,000 $200

Double Jeopardy! Round responses

AMERICAN POETRY
WORLD GEOGRAPHY
HOME EC
THE BEATLES
THE CONSTITUTION
"SAINT"LY NAMES
    $200 21
a poem as lovely as a tree

Greg
    $200 18
the United Arab Emirates

Bob
    $200 20
first

Greg
    $200 5
A Hard Day's Night

Greg
    $200 17
the House of Representatives

Bob
    $200 13
a St. Bernard

Greg
    $400 25
"The Barefoot Boy"

Marianne
    $400 19
(Marianne: What is the southenrmost point in Europe?)

the westernmost point in Europe

GregMarianne
    $400 22
(Alex: That is right and we've got less than a minute to go.)

sewing

Bob
    $1,000 1
George Harrison

Marianne
    $400 8
(Greg: What is domestic goods for home consumption?)

exports

GregMarianne
    $400 7
Susan Saint James

Greg
    $600 26
the Calico Cat

Marianne
    $600 9
(1 of) Grand Baham Island & New Providence

Bob
    $600 2
(Greg: Who was Pete Best?)

Murry the K

GregMarianne
    $600 14
search & seizure

Greg
    $600 6
Buffy Sainte-Marie

Greg
    $800 27
[End-of-round signal sounds]

Annabel Lee

Triple Stumper
    $800 10
Nepal

Greg
    $800 3
marmalade

Triple Stumper
    $800 15
The Federalist Papers

Greg
    $800 11
Jill St. John

Triple Stumper
    $1000 23
(Marianne: What are the Seychelles?)

the Maldives

Marianne
Triple Stumper
    $1000 24
the dietician

Greg
    $1000 4
yesterday

Triple Stumper
    $500 16
George Washington & James Madison

Greg
    $1000 12
Ruth St. Denis

Triple Stumper

Scores at the end of the Double Jeopardy! Round:

Bob Greg Marianne
$4,900 $6,900 $1,800

[wagering suggestions for these scores]

Final Jeopardy! Round responses

U.S. HISTORY
(Alex: [To Bob] Yes, there was Andrew [*], who was a vice president and a president, there was Lyndon Baines [*], who was vice president and president; and there was a Richard [*], who was vice president only.)
MarianneWhat is Adams?
$1,800
BobWhat is Johnson?
$4,850
GregWhat is John
$2,901
Johnson

Final scores:

Bob Greg Marianne
$9,750 $3,999 $0
2-day champion: $18,400 2nd place: a trip for 2 to the Caribbean + Jeopardy! box game 3rd place: a video camcorder + Jeopardy! box game

Game dynamics:

Coryat scores:

Bob Greg Marianne
$4,900 $7,200 $1,200
14 R,
0 W
24 R
(including 2 DDs),
6 W
7 R
(including 1 DD),
2 W

Combined Coryat: $13,300

The J! Archive is created by fans, for fans. The Jeopardy! game show and all elements thereof, including but not limited to copyright and trademark thereto, are the property of Jeopardy Productions, Inc. and are protected under law. This website is not affiliated with, sponsored by, or operated by Jeopardy Productions, Inc. Join the discussion at JBoard.tv.